Public relations practics : (Record no. 285)

MARC details
000 -LEADER
fixed length control field 00740nam a2200229 a 4500
001 - CONTROL NUMBER
control field 285
005 - DATE AND TIME OF LATEST TRANSACTION
control field 20221127085912.0
008 - FIXED-LENGTH DATA ELEMENTS--GENERAL INFORMATION
fixed length control field 050920s lle a | 00100|eng d
020 ## - INTERNATIONAL STANDARD BOOK NUMBER
International Standard Book Number 0136138039 :
Terms of availability SR196.00
035 ## - SYSTEM CONTROL NUMBER
System control number 298
082 04 - DEWEY DECIMAL CLASSIFICATION NUMBER
Classification number 659.2
Item number C333 2003
100 1# - MAIN ENTRY--PERSONAL NAME
Personal name Center, Allan H.
245 10 - TITLE STATEMENT
Title Public relations practics :
Remainder of title managerial case studies and problems /
Statement of responsibility, etc. Allan Center, Patrick Jackson.
250 ## - EDITION STATEMENT
Edition statement 6th ed.
260 ## - PUBLICATION, DISTRIBUTION, ETC.
Place of publication, distribution, etc. Upper Saddle River, NJ :
Name of publisher, distributor, etc. Prentice Hall,
Date of publication, distribution, etc. 2003.
300 ## - PHYSICAL DESCRIPTION
Extent xiv, 418 p. :
Other physical details ill. ;
Dimensions 24 cm.
500 ## - GENERAL NOTE
General note Prev. ed. : 1995.
504 ## - BIBLIOGRAPHY, ETC. NOTE
Bibliography, etc. note Includes bibl. references and index.
650 #4 - SUBJECT ADDED ENTRY--TOPICAL TERM
Topical term or geographic name entry element Public relations.
650 #4 - SUBJECT ADDED ENTRY--TOPICAL TERM
Topical term or geographic name entry element Public relations
Form subdivision Case studies.
700 1# - ADDED ENTRY--PERSONAL NAME
Personal name Jackson, Patrick,
Relator term jt. author.
Holdings
Withdrawn status Lost status Source of classification or shelving scheme Damaged status Not for loan Home library Current library Date acquired Total Checkouts Full call number Barcode Date last seen Copy number Price effective from Koha item type
              11/27/2022   659.2 C333 2003 10000000013299 11/27/2022 C2 11/27/2022 Book
          CENTRAL CENTRAL 11/27/2022   659.2 C333 2003 1000000001139 11/27/2022 C1 11/27/2022 Book